Broadway Theaters Quiz - Statistics

General Stats
  • This quiz has been taken 736 times
    732 since last reset
  • The average score is 25 of 41
Answer Stats
Theater % Correct
Winter Garden
78%
Broadway
76%
Stephen Sondheim
71%
August Wilson
70%
Majestic
69%
Music Box
69%
Nederlander
69%
Richard Rodgers
69%
Gershwin
68%
Shubert
67%
Circle in the Square
66%
American Airlines
65%
Lyric
65%
Ambassador
63%
Broadhurst
63%
Imperial
63%
Lunt-Fontanne
63%
Al Hirschfeld
62%
Palace
62%
Marquis
61%
Belasco
60%
Helen Hayes
60%
Eugene O'Neil
59%
Lyceum
59%
Minskoff
59%
New Amsterdam
59%
Vivian Beaumont
59%
Bernard B. Jacobs
58%
St. James
58%
Studio 54
58%
Gerard Schoenfeld
57%
Booth
56%
John Golden
56%
Neil Simon
56%
Brooks Atkinson
55%
Hudson
54%
Longacre
54%
Cort
53%
Walter Kerr
51%
Ethel Barrymore
49%
Samuel J. Friedman
46%
No matching quizzes found
Score Distribution
Percent of People with Each Score
Percentile by Number Answered
Your Score History
You have not taken this quiz since the last reset